00855nam a2200265 4500003000400000005001700004008004100021040001800062041001400080050002300094100002700117240004700144245010400191250002200295264004600317300001800363336002200381337002400403338002400427650002400451700002700475700005800502942001200560999001700572OSt20260530115258.0260418b1973 ag |||| |||| 00| 0 spa d aICIbspacICI a spaheng aNA9050bA5318 19731 aAlexander, Christopher10aNotes on the synthesis of form.lEspañol10aEnsayo sobre síntesis de la formacChristopher Alexander ; versión castellana, Enrique L. Revol aTercera edición 1bEdiciones Infinitoc1973aBuenos Aires :  a222 páginas atexto2rdacontent asin medio2rdamedia avolumen2rdacarrier 2 Forma (Estética) 1aAlexander, Christopher 1aRevol, Enrique L.etraductorq (Enrique Luis),930752 2ddccBK c12696d12696